| 000 | 00526nam a2200193Ia 4500 | ||
|---|---|---|---|
| 003 | GCL | ||
| 008 | 140319s9999 xx 000 0 eng d | ||
| 040 |
_aGCL / _cGCL |
||
| 082 | 0 | 4 |
_aCH _b372.218 _bS C |
| 100 | 1 | _aSAAD, ALBERT | |
| 245 | 1 | 0 |
_aTHE CHILD EDUCATION PUBLICATIONS ENGLISH FOR BEGINNERS (TEXT BOOK LEVEL 2) / _cSAAD, ALBERT |
| 260 |
_a[S.N] : _bNAHDAT MASR |
||
| 300 | _a446 P | ||
| 650 | 0 | 4 | _aCHILDREN |
| 650 | 0 | 4 | _aENGLISH LANGUAGE |
| 650 | 0 | 4 | _aEDUCATION |
| 650 | 0 | 4 | _aCHILDREN - LEARNING |
| 942 |
_2ddc _cBK |
||
| 999 |
_c15545 _d15545 |
||